Statistics for Countries That Border Quiz [Multiple Choice]

Click here to take the quiz!

General Stats

  • This quiz has been taken 32 times
  • The average score is 9 of 11

Answer Stats

QuestionAnswer% Correct
Ivory Coast / Cote d'IvoireGhana
93%
United KingdomIreland
93%
FranceSuriname
93%
LiechtensteinSwitzerland
93%
TogoBenin
89%
DenmarkGermany
89%
SpainMorocco
89%
Czech Republic / CzechiaSlovakia
89%
DjiboutiSomalia
89%
Equatorial GuineaGabon
78%
MalaysiaBrunei
52%

Score Distribution

Percentile by Number Answered

Percent of People with Each Score

Your Score History

You have not taken this quiz